Stati sopra o sotto il Tropico del Cancro? - Quiz n°3 - Statistics

Statistiche generali
  • Questo quiz è stato fatto 4 volte
  • Il punteggio medio è 7 su 10
Statistiche sulle risposte
Hint Risposta % Corretto
Turchia Nord del Tropico del Cancro
100%
Nepal Nord del Tropico del Cancro
100%
Giordania Nord del Tropico del Cancro
75%
Qatar Nord del Tropico del Cancro
75%
Malaysia Sud del Tropico del Cancro
75%
Guinea Sud del Tropico del Cancro
75%
Filippine Sud del Tropico del Cancro
75%
Gibuti Sud del Tropico del Cancro
75%
Haiti Sud del Tropico del Cancro
50%
Cuba Sud del Tropico del Cancro
0%
Nessun quiz corrispondente trovato
Distribuzione punteggi
Percentuale di utenti per punteggio
Percentile per numero di risposta
I tuoi punteggi nel tempo
Non hai fatto questo quiz